01658nam a2200337 i 4500001001000000003000900010005001700019007000300036008004100039040003000080049000900110082002100119100004400140245011400184264007400298300003300372336002700405337003300432338002800465500003700493500006300530504003200593505035300625590002600978650006001004650005601064651005401120942001401174952011501188999001701303000026271DO-SdBNP20250621074007.0ta110308s1997 dr c 000 0 spa d aDO-SdBNPbspacBNPHUerda aBNPD 4a923.1bG993p2221 aGuzmán, Avelino,d1963-953301eautor10aPresidentes dominicanos :bdesde Joaquín Balaguer hasta Leonel Fernández (1961-1996) /cAvelino Guzmán. aSantiago de los Caballeros, República Dominicana :bJérez,c1997. avolumen :bretratos;c22 cm. 2rdacontentatextobtxt 2rdamediaasin mediaciónbn 2rdacarrieravolumenbnc aLa biblioteca posee el volumen 2 aIncluye datos biográficos del autor en la contracubierta aBibliografía : p. 294-2962 aIntroducción -- tJoaquín Antonio Balaguer Ricardo --tJuan Emilio Bosch Gaviño -- tJosé Rafael Molina Ureña -- t Francisco Alberto Caamaño Deño --tHéctor García-Godoy y Cáceres --tSilvestre Antonio Guzmán Fernández -- tJacobo Majluta Azar -- t Salvador Jorge Blanco -- tLeonel Fernández Reyna --tBibliografía. aInventariado, 2024/BT14aPresidenteszRepública DominicanaxBiografías9179014aPresidenteszRepública DominicanaxHistoria9691310aRepública DominicanaxPolítica y gobierno945 2ddccLBS1 0010718PDaPDbPDcCTd2011-03-08iLF1l0o923.1 G993pp26271-10r2020-06-25w2020-06-25yLFPDZNo se presta c25763d25763